000 00680nam a2200289Ia 4500
005 20260324133850.0
008 008 260324s9999 xx 000 0 eng d
020 _a9781315196510
037 _aEBOOK
040 _aCRL
040 _beng
040 _cCRL
041 _2eng
041 _aeng
084 _qCRL
100 _aJenny Daggers
_91166198
245 4 _aThe British Christian Women's Movement
245 2 _bA Rehabilitation of Eve
260 _bTaylor and Francis
260 _c2002
365 _a
365 _b170
856 _uhttp://www.taylorfrancis.com/books/9781315196510
942 _cEBOOK
999 _c1794171
_d1794171